[Event "EU-ch (Women) 24th"]
[Site "Rhodes"]
[Date "2024.04.28"]
[Round "9"]
[White "Fataliyeva, Ulviyya Hasil Qizi"]
[Black "Bulmaga, Irina"]
[Result "1/2-1/2"]
[WhiteElo "2377"]
[BlackElo "2394"]
[PlyCount "22"]
[EventDate "2024.04.19"]
[EventType "swiss"]
[EventRounds "10"]
[EventCountry "GRE"]
[SourceTitle "CB18_2024"]
[SourceDate "2024.05.01"]
[SourceVersion "1"]
[SourceVersionDate "2024.05.01"]
[SourceQuality "2"]

1. e4 e5 2. Nf3 Nc6 3. Bb5 Nf6 4. d3 d6 5. c3 a6 6. Ba4 g6 7. 0-0 Bg7 8. Re1 0-0 9. Nbd2 h6 10. d4 b5 11. Bc2 Bb7 1/2-1/2

[Event "EU-ch (Women) 24th"]
[Site "Rhodes"]
[Date "2024.04.25"]
[Round "6"]
[White "Bulmaga, Irina"]
[Black "Wikar, Martyna"]
[Result "1/2-1/2"]
[WhiteElo "2394"]
[BlackElo "2214"]
[PlyCount "275"]
[EventDate "2024.04.19"]
[EventType "swiss"]
[EventRounds "10"]
[EventCountry "GRE"]
[SourceTitle "CB18_2024"]
[SourceDate "2024.05.01"]
[SourceVersion "1"]
[SourceVersionDate "2024.05.01"]
[SourceQuality "2"]

1. e4 c5 2. Nf3 Nc6 3. Bb5 e6 4. 0-0 Nge7 5. Re1 Ng6 6. c3 a6 7. Bf1 d6 8. d4 cxd4 9. cxd4 e5 10. d5 Nb8 11. Be3 Be7 12. Nbd2 Nd7 13. g3 0-0 14. b4 Nf6 15. Nc4 Ng4 16. Bb6 Qd7 17. h3 Nh6 18. Be3 Bd8 19. Nb6 Bxb6 20. Bxb6 f5 21. exf5 Qxf5 22. Nd2 Nf7 23. h4 Ne7 24. Ne4 Qg6 25. Bg2 Bg4 26. Qd2 Rac8 27. Rac1 Qf5 28. Qd3 Rxc1 29. Rxc1 Rc8 30. Rc4 Rxc4 31. Qxc4 Bf3 32. Bxf3 Qxf3 33. Qc7 Qxe4 34. Qb8+ Nd8 35. Bxd8 Nxd5 36. Bg5+ Kf7 37. Qxb7+ Kg6 38. Qxa6 h6 39. Qxd6+ Kh7 40. Be7 Nc3 41. h5 Ne2+ 42. Kf1 Qf3 43. Qg6+ Kh8 44. Bf8 Qxf8 45. Kxe2 Qxb4 46. Qe8+ Kh7 47. Qg6+ Kh8 48. Qe8+ Kh7 49. Qxe5 Qc4+ 50. Ke3 Qxa2 51. f3 Qa3+ 52. Kf4 Qc1+ 53. Kg4 Qd1 54. Qe4+ Kh8 55. Qe5 Kh7 56. Kf4 Qd2+ 57. Qe3 Qd6+ 58. Kg4 Qd7+ 59. Kh4 Qd8+ 60. Kh3 Qd7+ 61. Kg2 Qd1 62. g4 Kh8 63. Kg3 Qf1 64. Qf2 Qd3 65. Kg2 Qd1 66. Qe3 Qc2+ 67. Kg3 Qd1 68. f4 Qh1 69. Qf3 Qg1+ 70. Kh3 Kh7 71. Qe4+ Kh8 72. Qg2 Qe3+ 73. Qg3 Qe4 74. Qf2 Qh1+ 75. Kg3 Qd1 76. Qe3 Kh7 77. Qe4+ Kh8 78. Qe8+ Kh7 79. Qc6 Qg1+ 80. Qg2 Qe3+ 81. Qf3 Qg1+ 82. Kh3 Kh8 83. Qe2 Qh1+ 84. Kg3 Qg1+ 85. Kf3 Qh1+ 86. Ke3 Qc1+ 87. Ke4 Qc6+ 88. Ke3 Qc1+ 89. Kf3 Qh1+ 90. Qg2 Qd1+ 91. Kg3 Qe1+ 92. Qf2 Qd1 93. Qe3 Kh7 94. f5 Qd6+ 95. Kh3 Qc6 96. Qd3 Kh8 97. Qe2 Kh7 98. Qd3 Kh8 99. Kg3 Qc7+ 100. Kf3 Qc6+ 101. Kf4 Qc7+ 102. Ke4 Qe7+ 103. Kf3 Qb7+ 104. Qe4 Qb3+ 105. Kf4 Qb2 106. Qd3 Qb4+ 107. Kf3 Qb7+ 108. Kg3 Qb6 109. Qd2 Qc7+ 110. Kh3 Qc6 111. Qe3 Kh7 112. Qd3 Kh8 113. Kg3 Qc7+ 114. Kg2 Qc6+ 115. Kf2 Qc5+ 116. Ke2 Qb6 117. Qc4 Qd6 118. Ke3 Qg3+ 119. Kd2 Qf2+ 120. Kc3 Qe3+ 121. Kb4 Qb6+ 122. Ka4 Qa7+ 123. Kb5 Qb7+ 124. Kc5 Qc7+ 125. Kd5 Qd7+ 126. Ke5 Qe7+ 127. Kd5 Qd7+ 128. Ke4 Qb7+ 129. Kf4 Qb8+ 130. Kf3 Qb7+ 131. Qe4 Qb3+ 132. Kg2 Qb2+ 133. Kg3 Qc3+ 134. Kf4 Qc7+ 135. Ke3 Qc3+ 136. Qd3 Qc5+ 137. Kf3 Qc6+ 138. Kg3 1/2-1/2

[Event "Titled Tuesday intern op 02nd Apr Early"]
[Site "Chess.com INT"]
[Date "2024.04.02"]
[Round "1"]
[White "Bulmaga, Irina"]
[Black "Donatti, Alvaro"]
[Result "1-0"]
[WhiteElo "2394"]
[BlackElo "2193"]
[PlyCount "95"]
[EventDate "2024.04.02"]
[EventType "swiss (blitz)"]
[EventRounds "11"]
[EventCountry "USA"]
[SourceTitle "CB15_2024"]
[SourceDate "2024.04.10"]
[SourceVersion "1"]
[SourceVersionDate "2024.04.10"]
[SourceQuality "1"]

1. e4 c5 2. Be2 e6 3. f4 d5 4. d3 Nc6 5. Nf3 Nf6 6. e5 Nd7 7. c3 d4 8. 0-0 Be7 9. Nbd2 b5 10. cxd4 cxd4 11. Ne4 Bb7 12. Bd2 Nb6 13. Qe1 Nd5 14. Qf2 Qb6 15. Rac1 Rc8 16. Nd6+ Bxd6 17. exd6 Ne3 18. Rfe1 Rd8 19. Ne5 Rxd6 20. Nxc6 Bxc6 21. Bf3 Bxf3 22. Rc8+ Rd8 23. Rxd8+ Qxd8 24. Bxe3 Bb7 25. Bxd4 Qd5 26. Bxa7 0-0 27. Bc5 Rc8 28. d4 Qxa2 29. h4 Qd5 30. Re5 Qc6 31. f5 exf5 32. Rxf5 Qe6 33. b4 Ra8 34. Re5 Qg6 35. Kh2 h5 36. d5 Rd8 37. Qf3 f6 38. Re2 Rxd5 39. Qf4 Rd7 40. Bf2 Rf7 41. Bg3 Kh7 42. Rd2 Re7 43. Rf2 Rf7 44. Qf5 Qxf5 45. Rxf5 Re7 46. Rxh5+ Kg6 47. Rxb5 Bd5 48. Rxd5 1-0

[Event "Titled Tuesday intern op 02nd Apr Early"]
[Site "Chess.com INT"]
[Date "2024.04.02"]
[Round "6"]
[White "Onischuk, Vladimir"]
[Black "Bulmaga, Irina"]
[Result "1-0"]
[WhiteElo "2619"]
[BlackElo "2394"]
[PlyCount "59"]
[EventDate "2024.04.02"]
[EventType "swiss (blitz)"]
[EventRounds "11"]
[EventCountry "USA"]
[SourceTitle "CB15_2024"]
[SourceDate "2024.04.10"]
[SourceVersion "1"]
[SourceVersionDate "2024.04.10"]
[SourceQuality "1"]

1. e4 d6 2. d4 Nf6 3. Nc3 e5 4. Nf3 Nbd7 5. g3 Be7 6. Bg2 0-0 7. 0-0 c6 8. a4 Re8 9. Re1 Qc7 10. h3 Bf8 11. g4 exd4 12. Nxd4 Nc5 13. f4 a5 14. g5 Nfd7 15. Kh1 Nb6 16. f5 d5 17. exd5 Bd7 18. dxc6 bxc6 19. Rf1 Bd6 20. Qf3 Nc4 21. Nxc6 Rac8 22. Nd4 Ne5 23. Qf2 Qb8 24. Ndb5 Bc6 25. Nxd6 Qxd6 26. Bf4 Bxg2+ 27. Qxg2 Qb6 28. Rae1 Nc4 29. Nd5 Qa7 30. Nf6+ 1-0

[Event "Reykjavik op"]
[Site "Reykjavik"]
[Date "2024.03.15"]
[Round "1"]
[White "Bulmaga, Irina"]
[Black "Weigand, Anton"]
[Result "1/2-1/2"]
[WhiteElo "2429"]
[BlackElo "2036"]
[PlyCount "86"]
[EventDate "2024.03.15"]
[EventType "swiss"]
[EventRounds "9"]
[EventCountry "ISL"]
[SourceTitle "CB13_2024"]
[SourceDate "2024.03.27"]
[SourceVersion "1"]
[SourceVersionDate "2024.03.27"]
[SourceQuality "1"]

1. e4 c5 2. Nf3 e6 3. d4 cxd4 4. Nxd4 Nf6 5. Bd3 Nc6 6. Nxc6 bxc6 7. Bf4 d5 8. Nd2 Be7 9. 0-0 0-0 10. e5 Nd7 11. Re1 c5 12. c3 f5 13. exf6 Nxf6 14. c4 Ne4 15. Bxe4 Rxf4 16. cxd5 exd5 17. Bxd5+ Qxd5 18. Rxe7 Bh3 19. Ne4 Qc6 20. f3 Be6 21. Qd2 Rf7 22. Rxf7 Bxf7 23. Rd1 h6 24. Qc3 Qa4 25. Rd2 Qxa2 26. Qxc5 Rb8 27. b4 Qa3 28. Rd7 a5 29. Rxf7 Qa1+ 30. Kf2 Qa2+ 31. Kg3 Qxf7 32. bxa5 Qg6+ 33. Kh3 Qe6+ 34. g4 Rb3 35. Kg2 Qf7 36. Nc3 Rb2+ 37. Kg3 g5 38. Nd5 Qe6 39. Ne3 Rd2 40. Qc4 Qxc4 41. Nxc4 Ra2 42. h4 Ra4 43. Nd6 Rxa5 1/2-1/2

[Event "Swiss Queens Wed #2"]
[Site "FIDE Online Arena INT"]
[Date "2024.02.07"]
[Round "4"]
[White "Ismayil, Malak"]
[Black "Bulmaga, Irina"]
[Result "1-0"]
[WhiteElo "2200"]
[BlackElo "2429"]
[PlyCount "81"]
[EventDate "2024.02.07"]
[EventType "swiss (blitz)"]
[EventRounds "11"]
[EventCountry "NET"]
[SourceTitle "CB07_2024"]
[SourceDate "2024.02.14"]
[SourceVersion "1"]
[SourceVersionDate "2024.02.14"]
[SourceQuality "1"]

1. e4 c5 2. Nf3 a6 3. d4 cxd4 4. Nxd4 e5 5. Nf3 Nc6 6. Bc4 h6 7. 0-0 Nf6 8. Qe2 d6 9. h3 Be7 10. Nc3 0-0 11. Be3 Na5 12. Bd5 Qc7 13. Rfd1 Be6 14. Rab1 Rac8 15. Nd2 b5 16. a3 Nxd5 17. exd5 Bd7 18. f4 exf4 19. Bd4 Rfe8 20. Qf2 Nc4 21. Nde4 Bf5 22. Qxf4 Bxe4 23. Nxe4 Qd8 24. Qg4 Ne5 25. Bxe5 dxe5 26. d6 Qb6+ 27. Kh1 Bxd6 28. Nxd6 Qc5 29. Nxc8 Rxc8 30. c3 g6 31. Qf3 Kg7 32. Rd7 Rf8 33. Rf1 Qc4 34. Qf6+ Kg8 35. Qf2 e4 36. Re7 f5 37. Rd1 Rf7 38. Rxf7 Qxf7 39. Rd8+ Kg7 40. Qd4+ Qf6 41. Rd7+ 1-0

[Event "Swiss Queens Wed #2"]
[Site "FIDE Online Arena INT"]
[Date "2024.02.07"]
[Round "6"]
[White "Pujari, Rucha"]
[Black "Bulmaga, Irina"]
[Result "1-0"]
[WhiteElo "2071"]
[BlackElo "2429"]
[PlyCount "93"]
[EventDate "2024.02.07"]
[EventType "swiss (blitz)"]
[EventRounds "11"]
[EventCountry "NET"]
[SourceTitle "CB07_2024"]
[SourceDate "2024.02.14"]
[SourceVersion "1"]
[SourceVersionDate "2024.02.14"]
[SourceQuality "1"]

1. d4 Nf6 2. c4 e6 3. Nf3 b6 4. g3 Bb7 5. Bg2 Bb4+ 6. Bd2 Be7 7. 0-0 d5 8. cxd5 Nxd5 9. Re1 0-0 10. e4 Nf6 11. Nc3 c5 12. e5 Nd5 13. dxc5 Nxc3 14. Bxc3 Bxc5 15. Qe2 Nc6 16. Rad1 Qe7 17. a3 a5 18. h4 Rfd8 19. Ng5 h6 20. Ne4 Nd4 21. Qg4 Bxe4 22. Bxe4 Rac8 23. Bb1 Nf5 24. Bxf5 exf5 25. Qxf5 Qe6 26. Qxe6 fxe6 27. Kg2 Kf7 28. f4 h5 29. Kf3 g6 30. g4 hxg4+ 31. Kxg4 Be7 32. Bd4 Rh8 33. Rh1 b5 34. Rd2 Rc4 35. b3 Rc6 36. Be3 Bxa3 37. Rd7+ Be7 38. Rb7 b4 39. Bf2 Rc2 40. Be3 Rc3 41. Bd4 Rc2 42. Ra7 Rh7 43. Rxa5 Rg2+ 44. Kf3 Rd2 45. Be3 Rd3 46. Ra7 Rxb3 47. Ke4 1-0

[Event "Titled Tuesday intern op 06th Feb Early"]
[Site "Chess.com INT"]
[Date "2024.02.06"]
[Round "11"]
[White "Fromm, Marius"]
[Black "Bulmaga, Irina"]
[Result "0-1"]
[WhiteElo "2446"]
[BlackElo "2429"]
[PlyCount "180"]
[EventDate "2024.02.06"]
[EventType "swiss (blitz)"]
[EventRounds "11"]
[EventCountry "USA"]
[SourceTitle "CB07_2024"]
[SourceDate "2024.02.14"]
[SourceVersion "1"]
[SourceVersionDate "2024.02.14"]
[SourceQuality "1"]

1. e4 c5 2. Nf3 d6 3. d4 cxd4 4. Nxd4 Nf6 5. Nc3 a6 6. f4 e5 7. Nb3 Be7 8. fxe5 dxe5 9. Qxd8+ Bxd8 10. Be3 Nc6 11. 0-0-0 Bg4 12. Re1 0-0 13. Nc5 Ba5 14. Bd2 Rab8 15. Bc4 b5 16. Bb3 Ra8 17. Nd5 Bxd2+ 18. Kxd2 Rfd8 19. Kc1 Nd4 20. Nxf6+ gxf6 21. Bd5 Ra7 22. Rhf1 Kg7 23. c3 Ne2+ 24. Kc2 Nf4 25. Bb3 Rc8 26. Nd3 Be2 27. Nxf4 Bxf1 28. Nh5+ Kg6 29. Rxf1 Kxh5 30. Rxf6 Kg5 31. Rf5+ Kg6 32. Rxe5 Rac7 33. Bd5 Rd8 34. g4 Rd6 35. h4 Rf6 36. h5+ Kg7 37. g5 Rf2+ 38. Kb3 h6 39. gxh6+ Kxh6 40. Re8 Kxh5 41. Ra8 Rf6 42. a4 Rb6 43. axb5 axb5 44. Rg8 f6 45. Kc2 b4 46. Kd3 bxc3 47. bxc3 Ra6 48. c4 Ra3+ 49. Kd4 Ra1 50. Ke3 Kh6 51. Kf4 Rg7 52. Rh8+ Kg6 53. Rg8 Rxg8 54. Bxg8 Rf1+ 55. Ke3 Rd1 56. Bd5 Kg7 57. c5 Kf8 58. c6 Ke7 59. Kf4 Rf1+ 60. Ke3 Kd6 61. Kd4 Rd1+ 62. Ke3 f5 63. Kf4 Rf1+ 64. Ke3 fxe4 65. Bxe4 Re1+ 66. Kd3 Rc1 67. Bf3 Re1 68. Kd2 Re7 69. Kd3 Rc7 70. Ke3 Ra7 71. Ke2 Rc7 72. Ke3 Kc5 73. Ke2 Re7+ 74. Kd3 Kd6 75. Kd4 Kc7 76. Kd3 Rg7 77. Ke3 Re7+ 78. Kd3 Kd6 79. Kd4 Re5 80. Kd3 Rc5 81. Ke3 Rc3+ 82. Kf4 Ke6 83. Bg2 Rc4+ 84. Ke3 Ke5 85. Bf3 Rc3+ 86. Ke2 Kd4 87. Kd2 Rxf3 88. c7 Rf8 89. c8Q Rxc8 90. Ke2 Ke4 0-1

[Event "Groningen op 59th"]
[Site "Groningen"]
[Date "2023.12.30"]
[Round "9"]
[White "Bulmaga, Irina"]
[Black "Jin, Yueheng"]
[Result "0-1"]
[WhiteElo "2439"]
[BlackElo "2398"]
[PlyCount "68"]
[EventDate "2023.12.21"]
[EventType "swiss"]
[EventRounds "9"]
[EventCountry "NED"]
[SourceTitle "CB04_2024"]
[SourceDate "2023.10.16"]
[SourceVersion "1"]
[SourceVersionDate "2023.10.16"]
[SourceQuality "1"]

1. e4 c5 2. Nf3 e6 3. d4 cxd4 4. Nxd4 Nf6 5. Bd3 Nc6 6. Nxc6 bxc6 7. Bf4 d5 8. Nd2 Qb6 9. 0-0 Be7 10. c4 0-0 11. e5 Nd7 12. Qh5 g6 13. Qe2 Qxb2 14. Rab1 Qa3 15. Rb3 Qa4 16. Bb1 Ba6 17. Rg3 Bxc4 18. Qh5 Bxf1 19. Bh6 Be2 20. Qxe2 Rfb8 21. h4 Qxh4 22. Rh3 Qd4 23. Bc2 Rb2 24. Bb3 Bb4 25. Rd3 Qxe5 26. Qg4 Bxd2 27. Rxd2 Qe1+ 28. Kh2 Rxd2 29. Qb4 Rd1 30. Qb7 Qe5+ 31. f4 Qh5+ 32. Kg3 Rd3+ 33. Kf2 Qxh6 34. Qxa8+ Nf8 0-1

[Event "FIDE Grand Swiss (Women)"]
[Site "Douglas"]
[Date "2023.11.04"]
[Round "10"]
[White "Guichard, Pauline"]
[Black "Bulmaga, Irina"]
[Result "1/2-1/2"]
[WhiteElo "2358"]
[BlackElo "2423"]
[PlyCount "90"]
[EventDate "2023.10.25"]
[EventType "swiss"]
[EventRounds "11"]
[EventCountry "IOM"]
[SourceTitle "Mega2024 Update 01"]
[Source "Chessbase"]
[SourceDate "2023.11.12"]
[SourceVersion "1"]
[SourceVersionDate "2023.11.12"]
[SourceQuality "1"]

1. d4 Nf6 2. c4 e6 3. Nc3 Bb4 4. e3 0-0 5. Bd3 d5 6. a3 Bxc3+ 7. bxc3 dxc4 8. Bxc4 c5 9. Ne2 Qc7 10. Bd3 Nc6 11. 0-0 e5 12. Ng3 Re8 13. Qc2 h6 14. Bb2 Be6 15. h3 Rac8 16. Rac1 cxd4 17. cxd4 Qb6 18. Qd2 exd4 19. exd4 Qa5 20. Qf4 Qg5 21. Qxg5 hxg5 22. Rc5 Bd5 23. Nf5 Be4 24. Bxe4 Nxe4 25. Rc2 Rcd8 26. Nxg7 Kxg7 27. d5+ Ne5 28. Re1 Nf6 29. Bxe5 Kg6 30. Kf1 Nxd5 31. Rc5 Re6 32. g3 b6 33. Rcc1 Rde8 34. Bc3 Nxc3 35. Rxe6+ Rxe6 36. Rxc3 Re4 37. Kg2 f6 38. g4 b5 39. Kg3 a5 40. Rc5 Ra4 41. Rxb5 Rxa3+ 42. f3 a4 43. Ra5 Kf7 44. h4 gxh4+ 45. Kxh4 Rxf3 1/2-1/2

[Event "FIDE Grand Swiss (Women)"]
[Site "Douglas"]
[Date "2023.11.01"]
[Round "7"]
[White "Bulmaga, Irina"]
[Black "Harika, Dronavalli"]
[Result "1-0"]
[WhiteElo "2423"]
[BlackElo "2502"]
[PlyCount "92"]
[EventDate "2023.10.25"]
[EventType "swiss"]
[EventRounds "11"]
[EventCountry "IOM"]
[SourceTitle "Mega2024 Update 01"]
[Source "Chessbase"]
[SourceDate "2023.11.12"]
[SourceVersion "1"]
[SourceVersionDate "2023.11.12"]
[SourceQuality "1"]

1. e4 e5 2. Nf3 Nc6 3. Bc4 Bc5 4. c3 Nf6 5. d4 exd4 6. e5 d5 7. Be2 Ne4 8. cxd4 Bb6 9. 0-0 0-0 10. Nc3 Be6 11. Be3 f6 12. Bb5 Bg4 13. exf6 Nxf6 14. Be2 Qd6 15. h3 Bh5 16. Rc1 Rae8 17. a3 Kh8 18. Na4 Ne4 19. Nxb6 cxb6 20. g4 Bg6 21. Bb5 Re7 22. Nh4 Qf6 23. Nxg6+ hxg6 24. Kg2 Qd6 25. Bd3 Ref7 26. Rc2 Ne7 27. Qe1 Qf6 28. f3 Nd6 29. h4 Qe6 30. Re2 Ne4 31. Bg1 Qc6 32. Re3 Qd7 33. fxe4 Rxf1 34. Bxf1 Qxg4+ 35. Rg3 Qf4 36. Bd3 dxe4 37. Qxe4 Qf7 38. Qf3 Qg8 39. Qe2 Nd5 40. Be3 Qe6 41. Bg5 Qc6 42. Rf3 Nf4+ 43. Bxf4 Rxf4 44. d5 Rg4+ 45. Kh3 Qa4 46. Rf8+ Kh7 1-0